000
00425nam a2200157Ia 4500
008
100204s9999 xx 000 0 und d
082
_b
23804
100
_a
लिमये वसंत
245
_a
धुंद -स्वच्छंद
250
_a
0
260
_c
1998
300
_a
104
630
_a
धुंद -स्वच्छंद
730
_a
धुंद -स्वच्छंद
942
_c
BOOK
999
_c
468733
_d
468730